Gaming Quiz

Random Gaming or Pokémon Quiz

Pokemon All Moves Quiz Stats

Quiz not verified by Sporcle

Challenge
Share
Tweet
Embed
Score 0/254 Timer 20:00
0 Plays Today
Hint Answer % Correct
Tackle
75.9%
Fly
69%
Thunder
65.5%
Water Gun
58.6%
Vine Whip
58.6%
Ember
55.2%
Surf
55.2%
Bite
55.2%
Scratch
51.7%
Growl
51.7%
Rock Throw
51.7%
Hyper Beam
48.3%
Leer
48.3%
Cut
48.3%
Flamethrower
48.3%
Solar Beam
48.3%
Razor Leaf
48.3%
Earthquake
48.3%
Ice Beam
48.3%
Poison Powder
45%
Fire Blast
44.8%
Hydro Pump
44.8%
Water Pulse
44.8%
Thunder Wave
44.8%
Thunderbolt
44.8%
Psychic
44.8%
Rock Slide
44.8%
Peck
44.8%
Crunch
44.8%
Thunder Shock
41.4%
Thunder Punch
41.4%
Ice Punch
41.4%
Double Kick
41.4%
Rock Smash
41.4%
Shadow Ball
41.4%
Mega Punch
37.9%
Tail Whip
37.9%
Fire Punch
37.9%
Bubble
37.9%
Leech Seed
37.9%
Psybeam
37.9%
Slash
34.5%
Body Slam
34.5%
Flash
34.5%
Quick Attack
34.5%
Pound
34.5%
Bubble Beam
34.5%
Rain Dance
34.5%
Waterfall
34.5%
Spore
34.5%
Stun Spore
34.5%
Blizzard
34.5%
Confusion
34.5%
Toxic
34.5%
Gust
34.5%
Wing Attack
34.5%
Iron Tail
34.5%
Protect
31%
Tri Attack
31%
Slam
31%
Headbutt
31%
Mega Kick
31%
Sunny Day
31%
Sleep Powder
31%
Petal Dance
31%
Dig
31%
Seismic Toss
31%
Teleport
31%
Harden
30%
Recover
27.6%
Mega Drain
27.6%
Leaf Storm
27.6%
Sand Attack
27.6%
Hail
27.6%
Icy Wind
27.6%
Dynamic Punch
27.6%
Karate Chop
27.6%
Psywave
27.6%
Rest
27.6%
Sludge Bomb
27.6%
Dragon Claw
27.6%
Take Down
27.6%
Screech
27.6%
Giga Impact
24.1%
Whirlwind
24.1%
Hint Answer % Correct
Roar
24.1%
Stomp
24.1%
Explosion
24.1%
Self Destruct
24.1%
Flame Wheel
24.1%
Fire Spin
24.1%
Giga Drain
24.1%
Leaf Blade
24.1%
Charge Beam
24.1%
Sheer Cold
24.1%
Ice Ball
24.1%
Bulk Up
24.1%
Dream Eater
24.1%
Agility
24.1%
Confuse Ray
24.1%
Night Shade
24.1%
Lick
24.1%
Sludge Wave
24.1%
Poison Sting
24.1%
Sky Attack
24.1%
Leech Life
24.1%
Outrage
24.1%
Dark Pulse
24.1%
Flash Cannon
24.1%
Sing
24.1%
Splash
24.1%
Horn Attack
20.7%
Wrap
20.7%
Defense Curl
20.7%
Mimic
20.7%
Double Team
20.7%
Double Edge
20.7%
Swords Dance
20.7%
Double Slap
20.7%
Blast Burn
20.7%
Absorb
20.7%
Fissure
20.7%
Aurora Beam
20.7%
Mach Punch
20.7%
Detect
20.7%
Low Kick
20.7%
Calm Mind
20.7%
Hypnosis
20.7%
Stealth Rock
20.7%
Rollout
20.7%
Mirror Move
20.7%
Megahorn
20.7%
Volt Switch
20.7%
Dragon Pulse
20.7%
Dragon Dance
20.7%
Night Slash
20.7%
Iron Head
20.7%
Gyro Ball
20.7%
Magical Leaf
20.7%
Moonblast
20.7%
Razor Wind
20.7%
Soft Boiled
17.2%
Smokescreen
17.2%
Extreme Speed
17.2%
Fire Fang
17.2%
Flare Blitz
17.2%
Will o Wisp
17.2%
Scald
17.2%
Bullet Seed
17.2%
Mud Slap
17.2%
Haze
17.2%
Mist
17.2%
Sky Uppercut
17.2%
Close Combat
17.2%
High Jump Kick
17.2%
Superpower
17.2%
Stone Edge
17.2%
Sandstorm
17.2%
Acid
17.2%
Toxic Spikes
17.2%
Fury Cutter
17.2%
Dragon Breath
17.2%
Twister
17.2%
Fake Tears
17.2%
Feint Attack
17.2%
Iron Defense
17.2%
Meteor Mash
17.2%
Counter
17.2%
Bullet Punch
17.2%
Mirror Coat
17.2%
Hint Answer % Correct
Swift
13.8%
Refresh
13.8%
Scary Face
13.8%
Rapid Spin
13.8%
Skull Bash
13.8%
Overheat
13.8%
Aqua Tail
13.8%
Leaf Tornado
13.8%
Ice Fang
13.8%
Ice Shard
13.8%
Submission
13.8%
Reflect
13.8%
Light Screen
13.8%
Trick Room
13.8%
Amnesia
13.8%
Acid Armor
13.8%
Bug Bite
13.8%
X Scissor
13.8%
Draco Meteor
13.8%
Knock Off
13.8%
Taunt
13.8%
Steel Wing
13.8%
Fairy Wind
13.8%
Dazzling Gleam
13.8%
Electro Ball
13.8%
Rock Climb
13.8%
Substitute
13.8%
Vice Grip
13.8%
Swagger
10.3%
Pain Split
10.3%
Wish
10.3%
Focus Energy
10.3%
Disable
10.3%
Blaze Kick
10.3%
Synthesis
10.3%
Seed Bomb
10.3%
Petal Blizzard
10.3%
Discharge
10.3%
Freeze Dry
10.3%
Kinesis
10.3%
Sleep Talk
10.3%
Curse
10.3%
Destiny Bond
10.3%
Poison Jab
10.3%
Sky Drop
10.3%
Air Slash
10.3%
Pursuit
10.3%
Seed Bomb
10.3%
Moonlight
10.3%
Shock Wave
10.3%
Flail
10.3%
Heal Bell
6.9%
Yawn
6.9%
Grass Knot
6.9%
Wild Charge
6.9%
Frost Breath
6.9%
Avalanche
6.9%
Reversal
6.9%
Hammer Arm
6.9%
Skill Swap
6.9%
Shadow Claw
6.9%
Rock Blast
6.9%
Poison Gas
6.9%
Air Cutter
6.9%
Hurricane
6.9%
Psycho Cut
6.9%
Embargo
6.9%
Memento
6.9%
Metal Sound
6.9%
Morning Sun
6.9%
False Swipe
3.4%
Flame Burst
3.4%
Energy Ball
3.4%
Magic Room
3.4%
Nasty Plot
3.4%
Sucker Punch
3.4%
Trasnsform
0%
Safeguared
0%
Last Resort
0%
Grass Whistle
0%
Wake Up Slap
0%
Heal Block
0%
Anciect Power
0%
0%

You're not logged in!

Compare scores with friends on all Sporcle quizzes.
Join for Free
OR
Log In

You Might Also Like...

Show Comments

Extras

Top Quizzes Today


Score Distribution

Your Account Isn't Verified!

In order to create a playlist on Sporcle, you need to verify the email address you used during registration. Go to your Sporcle Settings to finish the process.

Report this User

Report this user for behavior that violates our Community Guidelines.

Details: